Supervision in industrial education : scope of present practice, teacher reaction to the practice, the apparent effectiveness of the practice /

Bibliographic Details
Main Author: Peters, Donald Francis
Format: Thesis Microform Book
Language:English
Published: [Place of publication not identified] : [publisher not identified] ; 1959.
Subjects:

MARC

Tag First Indicator Second Indicator Subfields
LEADER 00000cam a2200000 a 4500
001 in00000103417
005 20150929180403.0
007 hd afu c|||
008 821210r1959 miu ab 00010 eng d
035 |a (OCoLC)09041544 
035 |9 AAN2638AM 
040 |a TXA  |c TXA  |d UtOrBLW 
049 |a TXAI 
099 |a film  |a B  |a 1011 
100 1 |a Peters, Donald Francis. 
245 1 0 |a Supervision in industrial education :  |b scope of present practice, teacher reaction to the practice, the apparent effectiveness of the practice /  |c by Donald Francis Peters. 
264 1 |a [Place of publication not identified] :  |b [publisher not identified] ;  |c 1959. 
300 |a viii, 192 unnumbered leaves. 
336 |a text  |b txt  |2 rdacontent 
337 |a microform  |b h  |2 rdamedia 
338 |a microfilm reel  |b hd  |2 rdacarrier 
500 |a Vita. 
502 |b Ed. D.  |c University of Maryland  |d 1959. 
504 |a Bibliography: leaves 184-190. 
533 |a Microfilm.  |b Ann Arbor, Mich. :  |c University Microfilms,  |d 1960.  |e 1 microfilm reel ; 35 mm. 
500 |a Microform. 
650 0 |a Technical education. 
650 0 |a School supervision. 
999 |a MARS 
999 f f |s aee674fd-566c-37e9-8dca-5c4b19c8fd50  |i 2c3cce23-f44c-3052-b86a-def060a9947c  |t 0 
952 f f |p default  |a Texas A&M University  |b College Station  |c Sterling C. Evans Library  |d Evans: Microforms (3rd floor)  |t 0  |e film B 1011  |h Other scheme  |i microform -- microfilm reel 
998 f f |a film B 1011  |t 0  |l Evans: Microforms (3rd floor)